Paesi dell'Unione Europea e della NATO - Morte subita - Statistics

Statistiche generali
  • Questo quiz è stato fatto 351 volte
  • Il punteggio medio è 8 su 23
Answers on the Grid
Answers color-coded by a green-red scale on the quiz's grid according to % correct below.
Austria
Cipro
Irlanda
Malta
Belgio
Bulgaria
Croazia
Repubblica Ceca
Danimarca
Estonia
Finlandia
Francia
Germania
Grecia
Ungheria
Italia
Lettonia
Lituania
Lussemburgo
Paesi Bassi
Polonia
Portogallo
Romania
Slovacchia
Slovenia
Spagna
Svezia
Albania
Islanda
Montenegro
Macedonia del Nord
Norvegia
Regno Unito
 
Statistiche sulle risposte
Risposta % Corretto
Italia
54%
Francia
53%
Germania
48%
Spagna
48%
Paesi Bassi
44%
Belgio
42%
Grecia
42%
Portogallo
41%
Croazia
37%
Polonia
36%
Danimarca
34%
Estonia
34%
Lussemburgo
34%
Ungheria
33%
Repubblica Ceca
31%
Svezia
31%
Lettonia
30%
Lituania
28%
Finlandia
27%
Slovenia
24%
Slovacchia
22%
Romania
19%
Bulgaria
16%
Nessun quiz corrispondente trovato
Distribuzione punteggi
Percentuale di utenti per punteggio
Percentile per numero di risposta
I tuoi punteggi nel tempo
Non hai fatto questo quiz